Dôchodkový galimatiáš súčasných a budúcich dôchodkov

Keby nebola hospodárska a finančná kríza, málokto by si všimol narastajúci deficit verejných financií, ktorého súčasťou je sociálny systém a v rámci neho predovšetkým dôchodkové poistenie.

Salvato in:
Dettagli Bibliografici
Autore principale: Hölcz, Róbert
Natura: Capitolo di libro
Lingua:slovacco
Soggetti:
Tags: Aggiungi Tag
Nessun Tag, puoi essere il primo ad aggiungerne!!

MARC

LEADER 00000naa a2200000 4500
001 0135257
005 20231006124309.3
041 0 |a slo 
044 |a SK 
245 1 0 |a Dôchodkový galimatiáš súčasných a budúcich dôchodkov  |c Róbert Hölcz 
520 |a Keby nebola hospodárska a finančná kríza, málokto by si všimol narastajúci deficit verejných financií, ktorého súčasťou je sociálny systém a v rámci neho predovšetkým dôchodkové poistenie. 
610 2 0 |a deficit rozpočtový 
610 2 0 |a kríza finančná 
610 2 0 |a poistenie dôchodkové 
610 2 0 |a dôchodky 
100 1 |a Hölcz, Róbert